Стандарт основных образовательных программ ТПУ - 2010: требования федеральных государственных образовательных стандартов и международных стандартов инженерного образования; Томский политехник; Вып. 16

Opis bibliograficzny
Parent link:Томский политехник: ежегодный журнал/ Томский политехнический университет (ТПУ), Ассоциация выпускников.— , 1995-
Вып. 16.— 2010.— [С. 16-21]
1. autor: Чучалин А. И. Александр Иванович
Streszczenie:Заглавие с титульного листа
Электронная версия печатной публикации
Język:rosyjski
angielski
Wydane: 2010
Seria:Уровневая подготовка специалистов
Hasła przedmiotowe:
Dostęp online:http://www.lib.tpu.ru/fulltext/v/Tomsk_polytechnic/2010/N16a3.pdf
Format: MixedMaterials Elektroniczne Rozdział
KOHA link:https://koha.lib.tpu.ru/cgi-bin/koha/opac-detail.pl?biblionumber=207483

MARC

LEADER 00000nla2a2200000 4500
001 207483
005 20231031191201.0
035 |a (RuTPU)RU\TPU\book\226337 
035 |a RU\TPU\book\226331 
090 |a 207483 
100 |a 20120125d2010 km y0rusy50 ca 
101 0 |a rus  |a eng 
102 |a RU 
135 |a drnn ---uucaa 
181 0 |a i  
182 0 |a b 
200 1 |a Стандарт основных образовательных программ ТПУ - 2010: требования федеральных государственных образовательных стандартов и международных стандартов инженерного образования  |b Электронный ресурс  |d TPU basic educational programmes standard - 2010: federal national educational standards requirements and international standards in engineering education  |f А. И. Чучалин 
203 |a Текст  |c электронный 
215 |a 1 файл (1 Мб) 
225 1 |a Уровневая подготовка специалистов 
230 |a Электронные текстовые данные (1 файл : 1 Мб) 
300 |a Заглавие с титульного листа 
300 |a Электронная версия печатной публикации 
337 |a Adobe Reader 
461 1 |0 (RuTPU)RU\TPU\book\202435  |t Томский политехник  |o ежегодный журнал  |f Томский политехнический университет (ТПУ), Ассоциация выпускников  |d 1995- 
463 1 |0 (RuTPU)RU\TPU\book\224220  |t Вып. 16  |v [С. 16-21]  |d 2010  |p 102 с. 
510 1 |a TPU basic educational programmes standard - 2010: federal national educational standards requirements and international standards in engineering education  |z eng 
601 0 2 |a Национальный исследовательский Томский политехнический университет (ТПУ)  |c (2009- )  |2 stltpush  |3 (RuTPU)RU\TPU\col\15902 
610 1 |a высшее образование 
610 1 |a инженерное образование 
610 1 |a уровневая подготовка 
610 1 |a образовательные программы 
610 1 |a образовательные стандарты 
610 1 |a государственные стандарты 
610 1 |a международные стандарты 
610 1 |a требования 
610 1 |a труды учёных ТПУ 
610 1 |a электронный ресурс 
700 1 |a Чучалин  |b А. И.  |c профессор Томского политехнического университета, доктор технических наук  |c проректор по образовательной и международной деятельности  |f 1952-  |g Александр Иванович  |2 stltpush  |3 (RuTPU)RU\TPU\pers\22021 
801 1 |a RU  |b 63413507  |c 20101101 
801 2 |a RU  |b 63413507  |c 20120130  |g RCR 
856 4 |u http://www.lib.tpu.ru/fulltext/v/Tomsk_polytechnic/2010/N16a3.pdf 
942 |c CF